El Mercado urbano de trabajo y la industria de la construción

में बचाया:
ग्रंथसूची विवरण
स्वरूप: मूलपाठ
प्रकाशित: Quito: s.e.
टैग: टैग जोड़ें
कोई टैग नहीं, इस रिकॉर्ड को टैग करने वाले पहले व्यक्ति बनें!

MARC

LEADER 00000 a a2200000 04500
001 22526
003
040
090 |a 153400  
245 |a El Mercado urbano de trabajo y la industria de la construción  
260 |a Quito:   |b s.e.  
300 |a 13 p.  
999 |c 1441  |d 1441